000 00421nam a2200157Ia 4500
005 20250508151817.0
008 008 250505s9999 xx 000 0 eng d
037 _aTextual
040 _aFEDL
_beng
_cFEDL
041 _aeng
_2eng
084 _a372, GUP
_qFEDL
100 _aGupta Pratima
_9760032
245 0 _aSamaj awam shishu-samiksha (Bangali)
942 _cTEXL
_h372, GUP
999 _c1332249
_d1332249